|
|
|
|
| LEADER |
00000cam a2200000 a 4500 |
| 001 |
1/122913 |
| 008 |
210514s2009####gr a|||||| |||| ||gre|| |
| 020 |
|
|
|a 9789608455573
|
| 040 |
|
|
|a GR-MyUa
|b gre
|c GR-MyUa
|e AACR2
|
| 041 |
1 |
|
|a gre
|
| 082 |
7 |
|
|a 634.63
|2 (23)
|
| 100 |
1 |
|
|a Del Fabro, Adriano.
|
| 245 |
1 |
2 |
|a Η ελιά :
|b ποικιλίες-καλλιέργεια-προϊόντα /
|c Adriano Del Fabro ; επιστημονική επιμέλεια: Μαριάννα Ψύχαλου ; μετάφραση: Βασίλης Περάκης.
|
| 260 |
|
|
|a Αθήνα:
|b Ψύχαλος,
|c 2009.
|
| 300 |
|
|
|a 103 σ. :
|b εικ. ;
|c 21 εκ.
|
| 500 |
|
|
|a Τίτλος πρωτοτύπου: Coltivare l' olivo e utilizzame i frutti.
|
| 650 |
|
0 |
|a Olive oil
|
| 650 |
|
0 |
|a Olive
|
| 700 |
1 |
|
|a Ψύχαλου, Μαριάννα,
|e edtf
|
| 700 |
1 |
|
|a Περάκης, Βασίλης,
|e trl
|
| 852 |
|
|
|a INST
|b LESVOS
|c EUDOXUS
|e 20210514
|h 634.63 DEL
|p 005100063393
|q 005100063393
|t EDX
|y 0
|
| 920 |
|
|
|a Εύδοξος
|b Παραγγελία
|y Λέσβος-ΤΠ
|z 2021-05
|
| 970 |
|
|
|a Δημάκη
|b Μαρία
|z 14-05-2021
|